| 000 | 00417nam a2200121Ia 4500 | ||
|---|---|---|---|
| 008 | 220620s9999||||xx |||||||||||||| ||und|| | ||
| 245 | 0 |
_aCancer Prevention _bFrom Mechanisms to Translational Benefits |
|
| 546 | _aEnglish[eng] | ||
| 650 | _aPublic health & preventive medicine | ||
| 700 | _aGeorgakilas, Alexandros | ||
| 856 | _uhttps://mts.intechopen.com/storage/books/1822/authors_book/authors_book.pdf | ||
| 942 | _cEB | ||
| 999 |
_c31058 _d31058 |
||